000 00703nam a2200253Ia 4500
003 OSt
005 20220924114136.0
006 a|||||r|||| 00| 0
007 ta
008 220923b |||||||| |||| 00| 0 per d
024 _a330463
037 _cTextual
040 _aARTS
_cARTS
_bper
041 _2per
_aper
082 _aT4:84, 164J4
100 _aAhmad Hafiz Jalaluddin Au.
_9172077
245 0 _aSarmaya-e-danish
260 _aAllahabad
_bAnwar Ahmadi publications India
_c1954
300 _a209p.
_ccm.
650 _a PERSIAN LANGUAGE
650 _aHIGHER EDUCATION
942 _hT4:84, 164J4
_cTEXL
_2CC
999 _c392115
_d392115